[Event "Sherbrooke Perpetuelles 41-45"]
[Site "Sherbrooke CAN"]
[Date "2004.04.23"]
[Round "3"]
[White "Courteau, Bernard"]
[Black "Jolin, Fernand"]
[Result "1-0"]
[WhiteElo "1601"]
[BlackElo "1313"]
[PlyCount "111"]
[GameId "2160767911175127"]
[EventDate "2004.04.??"]
[EventType "swiss"]
[EventRounds "5"]
[EventCountry "CAN"]
[SourceTitle "EXT 2005"]
[Source "ChessBase"]
[SourceDate "2004.11.15"]
[SourceVersion "1"]
[SourceVersionDate "2004.11.15"]
[SourceQuality "1"]

1. e4 e5 2. Nf3 d6 3. d4 exd4 4. Nxd4 Nf6 5. Nc3 Bd7 6. Bc4 Nc6 7. O-O Ne5 8. Bb3 Be7 9. f3 O-O 10. Be3 c5 11. Nf5 a6 12. Nxd6 Qc7 13. Nc4 Nxc4 14. Bxc4 b5 15. Bd5 Rad8 16. Qe1 b4 17. Ne2 Nxd5 18. exd5 Bd6 19. Ng3 Bxg3 20. hxg3 Bf5 21. Bf4 Qb6 22. Qd2 c4+ 23. Kh1 Qc5 24. Rad1 c3 25. bxc3 bxc3 26. Qd4 Qxd4 27. Rxd4 Rfe8 28. Rf2 Re1+ 29. Kh2 Ra1 30. g4 Be6 31. d6 Rxa2 32. Rd3 Ra3 33. Rd4 f6 34. Re2 Kf7 35. Re3 g5 36. Bg3 Rd7 37. Rdd3 f5 38. gxf5 Bxf5 39. Rxc3 Rxc3 40. Rxc3 a5 41. Rc5 Ke6 42. Rxa5 h5 43. Re5+ Kf6 44. Re2 h4 45. Be5+ Ke6 46. f4 g4 47. g3 h3 48. c3 Rb7 49. Rd2 Rb1 50. Bd4 Be4 51. Bg1 Kd7 52. c4 Rc1 53. c5 Rc4 54. Re2 Kc6 55. Rd2 Bd5 56. f5 1-0

[Event "Sherbrooke Perpetuelles 41-45"]
[Site "Sherbrooke CAN"]
[Date "2004.04.23"]
[Round "3"]
[White "Lopez, Jose"]
[Black "Saziouk, Alexandre"]
[Result "1-0"]
[WhiteElo "1750"]
[BlackElo "1817"]
[PlyCount "101"]
[GameId "2160767911175129"]
[EventDate "2004.04.??"]
[EventType "swiss"]
[EventRounds "5"]
[EventCountry "CAN"]
[SourceTitle "EXT 2005"]
[Source "ChessBase"]
[SourceDate "2004.11.15"]
[SourceVersion "1"]
[SourceVersionDate "2004.11.15"]
[SourceQuality "1"]

1. e4 c5 2. Nf3 Nf6 3. Nc3 d6 4. d4 cxd4 5. Nxd4 g6 6. Be3 Bg7 7. f3 Nc6 8. Qd2 Nxd4 9. Bxd4 Bd7 10. Bc4 Rc8 11. Bb3 Qa5 12. O-O-O O-O 13. h4 h5 14. Kb1 Be6 15. Nd5 Qd8 16. Nxf6+ exf6 17. Bxa7 Bxb3 18. cxb3 Rc6 19. Bd4 Kh7 20. Qb4 Qe7 21. Rd3 Bh6 22. Bc3 Bf4 23. Rhd1 Rfc8 24. Qd4 Qc7 25. Qxf6 Be5 26. Qg5 f6 27. Qe3 Bg3 28. Bxf6 Rc2 29. Rc3 Rxc3 30. bxc3 Rf8 31. Bg5 Be5 32. Rd3 Qa5 33. Qc1 Ra8 34. Qc2 Rc8 35. Bd2 Qc5 36. Be3 Qa5 37. f4 Rxc3 38. Rxc3 Bxc3 39. f5 Be5 40. fxg6+ Kxg6 41. Bc1 Qe1 42. a4 Qxh4 43. Bb2 Qe1+ 44. Ka2 Qb4 45. Bxe5 dxe5 46. Qe2 Qd4 47. Qe1 Qd3 48. Kb2 Kg5 49. Qc1+ Kg4 50. Qc8+ Kg3 51. Qh3+ 1-0

[Event "Sherbrooke Perpetuelles 41-45"]
[Site "Sherbrooke CAN"]
[Date "2004.04.23"]
[Round "3"]
[White "Ouellet-Lahaie, Didier"]
[Black "Poirier, Vincent"]
[Result "0-1"]
[WhiteElo "1609"]
[BlackElo "1661"]
[PlyCount "79"]
[GameId "2160767911175130"]
[EventDate "2004.04.??"]
[EventType "swiss"]
[EventRounds "5"]
[EventCountry "CAN"]
[SourceTitle "EXT 2005"]
[Source "ChessBase"]
[SourceDate "2004.11.15"]
[SourceVersion "1"]
[SourceVersionDate "2004.11.15"]
[SourceQuality "1"]

1. e4 d6 2. d4 Nf6 3. Nc3 g6 4. Be3 Bg7 5. Qd2 O-O 6. h4 Ng4 7. Bf4 e5 8. dxe5 dxe5 9. Qxd8 Rxd8 10. Bg3 Nc6 11. a3 Be6 12. f3 Ne3 13. Bd3 Rxd3 14. cxd3 Nc2+ 15. Kf2 Nxa1 16. Nge2 Nb3 17. h5 h6 18. hxg6 fxg6 19. f4 Rf8 20. Ke3 Rf7 21. fxe5 Kh7 22. d4 Bg4 23. Rd1 Ncxd4 24. Rxd4 Nxd4 25. Nxd4 Re7 26. Nd5 Rf7 27. Nf3 c6 28. Nf4 Bxf3 29. gxf3 Bxe5 30. b3 g5 31. Nh5 Bxg3 32. Nxg3 Kg6 33. Nf5 h5 34. Kf2 h4 35. Kg2 Rd7 36. f4 Rd2+ 37. Kg1 h3 38. Ne7+ Kf6 39. Ng8+ Kg7 40. Ne7 0-1

[Event "Sherbrooke Perpetuelles 41-45"]
[Site "Sherbrooke CAN"]
[Date "2004.04.30"]
[Round "4"]
[White "Benoit, Andre"]
[Black "Ouellet-Lahaie, Didier"]
[Result "1/2-1/2"]
[WhiteElo "1474"]
[BlackElo "1609"]
[PlyCount "58"]
[GameId "2160767911175132"]
[EventDate "2004.04.??"]
[EventType "swiss"]
[EventRounds "5"]
[EventCountry "CAN"]
[SourceTitle "EXT 2005"]
[Source "ChessBase"]
[SourceDate "2004.11.15"]
[SourceVersion "1"]
[SourceVersionDate "2004.11.15"]
[SourceQuality "1"]

1. e4 e5 2. Bc4 Nf6 3. d3 c6 4. f4 d5 5. exd5 cxd5 6. Bb5+ Bd7 7. fxe5 Bxb5 8. exf6 Qxf6 9. Qe2+ Be7 10. Nf3 O-O 11. O-O Bc5+ 12. Kh1 Re8 13. Qd1 d4 14. Ng5 Qg6 15. Nxf7 Bc6 16. Ng5 Re5 17. c3 Bxg2+ 18. Kxg2 h6 19. Qb3+ Kh8 20. Qxb7 hxg5 21. Qxa8 Re2+ 22. Kh1 Qd6 23. Bf4 gxf4 24. Qf3 Re3 25. Qxf4 Qc6+ 26. Kg1 Qg6+ 27. Kh1 Qc6+ 28. Kg1 Qg6+ 29. Kh1 Qc6+ 1/2-1/2

[Event "Sherbrooke Perpetuelles 41-45"]
[Site "Sherbrooke CAN"]
[Date "2004.04.30"]
[Round "4"]
[White "Jolin, Fernand"]
[Black "Belanger, Jean Sebastien"]
[Result "1-0"]
[WhiteElo "1313"]
[BlackElo "1353"]
[PlyCount "123"]
[GameId "2160767911175134"]
[EventDate "2004.04.??"]
[EventType "swiss"]
[EventRounds "5"]
[EventCountry "CAN"]
[SourceTitle "EXT 2005"]
[Source "ChessBase"]
[SourceDate "2004.11.15"]
[SourceVersion "1"]
[SourceVersionDate "2004.11.15"]
[SourceQuality "1"]

1. Nf3 b6 2. e4 Bb7 3. d3 e6 4. g3 d6 5. Bg2 Be7 6. Nbd2 h5 7. h4 f6 8. c4 c5 9. b3 Nd7 10. Bb2 e5 11. Bh3 g5 12. Bxd7+ Qxd7 13. hxg5 fxg5 14. Ng1 Nf6 15. f3 O-O-O 16. Qe2 h4 17. g4 a5 18. Nh3 Ne8 19. a4 Nc7 20. O-O-O Ne6 21. Nf1 Nd4 22. Bxd4 cxd4 23. Qb2 Kb8 24. Kc2 Rc8 25. Ra1 d5 26. Nd2 Bb4 27. Ra2 Qf7 28. Rf1 Bxd2 29. Kxd2 dxe4 30. dxe4 Bxe4 31. Ke2 Bg6 32. Nxg5 Qf4 33. Qd2 Qg3 34. Kd1 d3 35. Qe3 Ka7 36. Rg1 Qf4 37. Qxf4 exf4 38. Ne6 Bh7 39. Nxf4 Rcf8 40. Ng2 Rxf3 41. Nxh4 Rf4 42. Rh2 Rhf8 43. g5 Rf1+ 44. Rxf1 Rxf1+ 45. Kd2 Rb1 46. Kc3 Rc1+ 47. Kb2 Rg1 48. Nf3 Rg3 49. Rxh7+ Ka6 50. Rg7 Rg2+ 51. Kc3 Rc2+ 52. Kxd3 Rc3+ 53. Kxc3 b5 54. cxb5+ Kb6 55. Rg6+ Kb7 56. Rc6 Ka7 57. g6 Kb7 58. g7 Ka7 59. g8=Q Kb7 60. Ra6 Kc7 61. Qf7+ Kb8 62. Rc6 1-0

[Event "Sherbrooke Perpetuelles 41-45"]
[Site "Sherbrooke CAN"]
[Date "2004.04.30"]
[Round "4"]
[White "Liard, Serge"]
[Black "Lopez, Jose"]
[Result "1-0"]
[WhiteElo "1969"]
[BlackElo "1750"]
[PlyCount "121"]
[GameId "2160767911175135"]
[EventDate "2004.04.??"]
[EventType "swiss"]
[EventRounds "5"]
[EventCountry "CAN"]
[SourceTitle "EXT 2005"]
[Source "ChessBase"]
[SourceDate "2004.11.15"]
[SourceVersion "1"]
[SourceVersionDate "2004.11.15"]
[SourceQuality "1"]

1. e4 c5 2. Nf3 d6 3. c4 Nf6 4. Nc3 g6 5. h3 Bg7 6. d3 Nc6 7. Be3 O-O 8. g4 Rb8 9. Bg2 a6 10. Qd2 Re8 11. O-O b5 12. Rac1 bxc4 13. dxc4 Nd7 14. b3 Nb4 15. Bh6 Bh8 16. Nd5 Nf6 17. Nxb4 Rxb4 18. Rfe1 Nd7 19. Ng5 Bf6 20. f4 Bd4+ 21. Kh1 Nf8 22. Nf3 Bh8 23. Rcd1 Bb7 24. f5 Qa8 25. Qd3 Nd7 26. Bd2 Rb6 27. Ba5 Rc6 28. fxg6 hxg6 29. Bc3 Bxc3 30. Qxc3 Rcc8 31. Ng5 Ne5 32. Qg3 f6 33. Ne6 Kf7 34. Nf4 Rh8 35. Nd5 Bxd5 36. exd5 g5 37. Kg1 a5 38. Rxe5 fxe5 39. Rf1+ Ke8 40. Be4 Kd8 41. Rf7 Kc7 42. Rxe7+ Kb6 43. Re6 Rcd8 44. Qxe5 Qb8 45. Qxg5 Rxh3 46. Qf4 Qc7 47. g5 Rhh8 48. g6 Rd7 49. Bf5 Rhd8 50. Rf6 Rg7 51. Kf2 Qe7 52. Be6 Kc7 53. Bf7 Kb6 54. Re6 Qc7 55. Qf6 Rxf7 56. gxf7 Qb8 57. Re7 Rf8 58. Rd7 a4 59. Rxd6+ Kb7 60. Rd7+ Ka8 61. Qa6+ 1-0

[Event "Sherbrooke Perpetuelles 41-45"]
[Site "Sherbrooke CAN"]
[Date "2004.04.30"]
[Round "4"]
[White "Pilotte, Benoit"]
[Black "Poirier, Vincent"]
[Result "1-0"]
[WhiteElo "1767"]
[BlackElo "1661"]
[PlyCount "59"]
[GameId "2160767911175136"]
[EventDate "2004.04.??"]
[EventType "swiss"]
[EventRounds "5"]
[EventCountry "CAN"]
[SourceTitle "EXT 2005"]
[Source "ChessBase"]
[SourceDate "2004.11.15"]
[SourceVersion "1"]
[SourceVersionDate "2004.11.15"]
[SourceQuality "1"]

1. e4 d5 2. exd5 Qxd5 3. Nc3 Qd8 4. d4 e6 5. Nf3 Nf6 6. Bg5 Be7 7. h3 Nc6 8. Bb5 a6 9. Bxc6+ bxc6 10. O-O Nd5 11. Bxe7 Qxe7 12. Qd3 Rb8 13. Rab1 O-O 14. Ne4 h6 15. Ne5 Bb7 16. Nc5 Nb6 17. Nxb7 Rxb7 18. Qxa6 Rbb8 19. Nxc6 Qd7 20. Nxb8 Rxb8 21. Qd3 Qc6 22. Rfe1 Nd5 23. a3 Nf4 24. Qe4 Qxe4 25. Rxe4 g5 26. g3 Nh5 27. Re5 Kf8 28. Rc5 Rb7 29. a4 Nf6 30. Rb5 1-0

[Event "Sherbrooke Perpetuelles 41-45"]
[Site "Sherbrooke CAN"]
[Date "2004.05.07"]
[Round "5"]
[White "Benoit, Andre"]
[Black "Courteau, Bernard"]
[Result "0-1"]
[WhiteElo "1474"]
[BlackElo "1601"]
[PlyCount "63"]
[GameId "2160767911175138"]
[EventDate "2004.04.??"]
[EventType "swiss"]
[EventRounds "5"]
[EventCountry "CAN"]
[SourceTitle "EXT 2005"]
[Source "ChessBase"]
[SourceDate "2004.11.15"]
[SourceVersion "1"]
[SourceVersionDate "2004.11.15"]
[SourceQuality "1"]

1. e4 e5 2. Bc4 Nf6 3. d3 d5 4. exd5 Nxd5 5. Qf3 c6 6. Nc3 Bb4 7. Bd2 Nf6 8. h3 O-O 9. Nge2 Qe7 10. a3 Ba5 11. b4 Bc7 12. Ne4 Be6 13. N2g3 Bxc4 14. dxc4 Nbd7 15. Bg5 Qe6 16. Nf5 Nxe4 17. Qxe4 Nf6 18. Bxf6 Qxf6 19. O-O Rfd8 20. Rad1 g6 21. Nh6+ Kg7 22. Ng4 Qe6 23. Qe3 f5 24. Qh6+ Kg8 25. Ne3 e4 26. Rde1 Qe5 27. f4 exf3 28. Ng4 Qd4+ 29. Ne3 Bf4 30. Qh4 Bxe3+ 31. Qf2 Bxf2+ 32. Rxf2 0-1

[Event "Sherbrooke Perpetuelles 41-45"]
[Site "Sherbrooke CAN"]
[Date "2004.05.07"]
[Round "5"]
[White "Dumoulin, Sylvain"]
[Black "Duclos, Alain"]
[Result "1-0"]
[WhiteElo "1726"]
[BlackElo "1819"]
[PlyCount "35"]
[GameId "2160767911175139"]
[EventDate "2004.04.??"]
[EventType "swiss"]
[EventRounds "5"]
[EventCountry "CAN"]
[SourceTitle "EXT 2005"]
[Source "ChessBase"]
[SourceDate "2004.11.15"]
[SourceVersion "1"]
[SourceVersionDate "2004.11.15"]
[SourceQuality "1"]

1. e4 c5 2. Nc3 e6 3. g3 Nc6 4. Bg2 g6 5. d3 Bg7 6. Be3 d6 7. Qd2 Nge7 8. Bh6 O-O 9. h4 Bxh6 10. Qxh6 Nd4 11. h5 Re8 12. hxg6 Nxg6 13. Qxh7+ Kf8 14. Qh6+ Kg8 15. Qh7+ Kf8 16. Qh6+ Kg8 17. O-O-O e5 18. f4 1-0

[Event "Sherbrooke Perpetuelles 41-45"]
[Site "Sherbrooke CAN"]
[Date "2004.05.07"]
[Round "5"]
[White "Laferriere, Bruno"]
[Black "Ouellet-Lahaie, Didier"]
[Result "1-0"]
[WhiteElo "1501"]
[BlackElo "1609"]
[PlyCount "77"]
[GameId "2160767911175141"]
[EventDate "2004.04.??"]
[EventType "swiss"]
[EventRounds "5"]
[EventCountry "CAN"]
[SourceTitle "EXT 2005"]
[Source "ChessBase"]
[SourceDate "2004.11.15"]
[SourceVersion "1"]
[SourceVersionDate "2004.11.15"]
[SourceQuality "1"]

1. Nf3 Nf6 2. b3 d6 3. d4 Nbd7 4. c4 c5 5. Nc3 g6 6. e3 Bg7 7. Bb2 O-O 8. Bd3 Ne8 9. Qc2 f5 10. Ng5 Ndf6 11. dxc5 dxc5 12. O-O-O Nd6 13. Ne2 Qe8 14. Ng3 e5 15. Be2 Nf7 16. Nxf7 Rxf7 17. Rd2 Bd7 18. Rhd1 Bc6 19. f3 a6 20. Bc3 b5 21. Ba5 Rd7 22. Rxd7 Bxd7 23. Rd6 Qe7 24. Qd2 b4 25. f4 exf4 26. exf4 Ra7 27. Bb6 Rb7 28. Bxc5 Qe8 29. Bf3 Ne4 30. Qd5+ Kh8 31. Nxe4 fxe4 32. Qxb7 exf3 33. Qxb4 fxg2 34. Rxd7 Bf8 35. Rd1 Qe4 36. Qc3+ Kg8 37. Bxf8 Qxf4+ 38. Qd2 Qxd2+ 39. Kxd2 1-0

[Event "Sherbrooke Perpetuelles 41-45"]
[Site "Sherbrooke CAN"]
[Date "2004.05.07"]
[Round "5"]
[White "Pilotte, Benoit"]
[Black "Grenier, Jean-Pierre"]
[Result "1-0"]
[WhiteElo "1767"]
[BlackElo "1563"]
[PlyCount "83"]
[GameId "2160767911175142"]
[EventDate "2004.04.??"]
[EventType "swiss"]
[EventRounds "5"]
[EventCountry "CAN"]
[SourceTitle "EXT 2005"]
[Source "ChessBase"]
[SourceDate "2004.11.15"]
[SourceVersion "1"]
[SourceVersionDate "2004.11.15"]
[SourceQuality "1"]

1. f4 d5 2. Nf3 Nc6 3. e3 Bf5 4. Bb5 Bd7 5. Nc3 Nf6 6. b3 a6 7. Bxc6 Bxc6 8. Bb2 e6 9. Ne5 Qd6 10. a4 Bd7 11. Qf3 c6 12. Ba3 Qc7 13. Bxf8 Rxf8 14. a5 c5 15. O-O Bc6 16. d4 Ne4 17. Nxe4 dxe4 18. Qh3 O-O-O 19. dxc5 g5 20. Nc4 Kb8 21. Nb6 f5 22. Qh6 Qe7 23. b4 Rg8 24. Qh3 gxf4 25. Rxf4 Rd2 26. Rf2 Qd8 27. Re1 Rxf2 28. Kxf2 f4 29. Nc4 fxe3+ 30. Qxe3 Qh4+ 31. Kg1 Qg4 32. g3 Bd5 33. Ne5 Qf5 34. Nd7+ Kc7 35. Nb6 h5 36. Rf1 Qe5 37. Rf7+ Kd8 38. Qf2 Qa1+ 39. Qf1 Qd4+ 40. Kg2 Qd2+ 41. Kh3 Qg5 42. Rd7+ 1-0

[Event "Sherbrooke Perpetuelles 41-45"]
[Site "Sherbrooke CAN"]
[Date "2004.05.07"]
[Round "5"]
[White "Thomsen, Gunther"]
[Black "Vincent, Pascal"]
[Result "0-1"]
[WhiteElo "1146"]
[BlackElo "1254"]
[PlyCount "96"]
[GameId "2160767911175143"]
[EventDate "2004.04.??"]
[EventType "swiss"]
[EventRounds "5"]
[EventCountry "CAN"]
[SourceTitle "EXT 2005"]
[Source "ChessBase"]
[SourceDate "2004.11.15"]
[SourceVersion "1"]
[SourceVersionDate "2004.11.15"]
[SourceQuality "1"]

1. d4 d5 2. g3 c5 3. e3 Nc6 4. Bb5 cxd4 5. exd4 Nf6 6. Nf3 Bh3 7. Nbd2 Qa5 8. Be2 Ne4 9. c3 Bg2 10. Rg1 Bxf3 11. Bxf3 Rd8 12. Nxe4 dxe4 13. Bxe4 Nxd4 14. Bd2 Nc6 15. Qc2 e6 16. a3 Rc8 17. Bxh7 g6 18. Bxg6 fxg6 19. Qxg6+ Kd7 20. Qd3+ Bd6 21. c4 Ne5 22. Qxd6+ Kxd6 23. Bxa5 Nf3+ 24. Ke2 Nxg1+ 25. Rxg1 Rxh2 26. b3 e5 27. Ke3 Ke6 28. Rd1 Rf8 29. Be1 Rh1 30. b4 Kf5 31. c5 Kg4 32. a4 Rf3+ 33. Ke2 Rh2 34. b5 Rxg3 35. c6 bxc6 36. bxc6 Kf4 37. Bd2+ Ke4 38. c7 Rf3 39. Rf1 Rf8 40. Ke1 Rc8 41. f3+ Kf5 42. Ba5 Ra2 43. Bd2 Rxc7 44. f4 e4 45. a5 Rcc2 46. Rf2 Ra1+ 47. Ke2 Rxa5 48. Rg2 Rxd2+ 0-1

[Event "Sherbrooke Perpetuelles 46-51"]
[Site "Sherbrooke CAN"]
[Date "2004.05.14"]
[Round "1"]
[White "Benoit, Andre"]
[Black "Vincent, Pascal"]
[Result "1-0"]
[WhiteElo "1434"]
[BlackElo "1261"]
[PlyCount "95"]
[GameId "2160767911217440"]
[EventDate "2004.??.??"]
[EventType "swiss"]
[EventRounds "6"]
[EventCountry "CAN"]
[SourceTitle "EXT 2006"]
[Source "ChessBase"]
[SourceDate "2005.11.24"]
[SourceVersion "1"]
[SourceVersionDate "2005.11.24"]
[SourceQuality "1"]

1. e4 e5 2. Bc4 Nc6 3. Nc3 Bc5 4. f4 Bxg1 5. Rxg1 Qh4+ 6. Kf1 Qxf4+ 7. Qf3 Nf6 8. d4 Nxd4 9. Bxf4 Nxf3 10. gxf3 exf4 11. Rxg7 d5 12. exd5 Bh3+ 13. Kf2 Kf8 14. Rag1 Rg8 15. R7g5 Re8 16. Ne4 Nxe4+ 17. fxe4 Rxg5 18. Rxg5 Rxe4 19. Bd3 Rb4 20. b3 h5 21. c3 Rb6 22. Rxh5 Bg4 23. Rh4 f5 24. h3 Bd1 25. Bxf5 f3 26. Rh8+ Ke7 27. Rh7+ Kd6 28. Rh6+ Kxd5 29. Rxb6 axb6 30. h4 Ke5 31. Bd3 Kf4 32. Ke1 Be2 33. Bxe2 fxe2 34. Kxe2 Kg4 35. Ke3 Kxh4 36. Kd4 c6 37. c4 Kg4 38. c5 bxc5+ 39. Kxc5 Kf4 40. a4 Ke4 41. a5 Kd3 42. Kb6 Kc3 43. Kxb7 Kxb3 44. a6 c5 45. a7 c4 46. a8=Q c3 47. Qg8+ Kb2 48. Qg7 1-0

[Event "Sherbrooke Perpetuelles 46-51"]
[Site "Sherbrooke CAN"]
[Date "2004.05.14"]
[Round "1"]
[White "Galasso, Janick"]
[Black "Marcoux, Ghislain"]
[Result "1-0"]
[WhiteElo "1079"]
[BlackElo "1283"]
[PlyCount "103"]
[GameId "2160767911217441"]
[EventDate "2004.??.??"]
[EventType "swiss"]
[EventRounds "6"]
[EventCountry "CAN"]
[SourceTitle "EXT 2006"]
[Source "ChessBase"]
[SourceDate "2005.11.24"]
[SourceVersion "1"]
[SourceVersionDate "2005.11.24"]
[SourceQuality "1"]

1. e4 c5 2. Nf3 e6 3. d4 cxd4 4. Nxd4 Nf6 5. e5 Qa5+ 6. Bd2 Qxe5+ 7. Be3 Bc5 8. f4 Qc7 9. Nb5 Qa5+ 10. N1c3 Bxe3 11. Nd6+ Ke7 12. Nc4 Qb4 13. Nxe3 Qxf4 14. Qd2 Nc6 15. Ned5+ Nxd5 16. Nxd5+ exd5 17. Qxf4 Re8 18. O-O-O Kf8 19. Bd3 d4 20. Bc4 f6 21. Qd6+ Re7 22. Rde1 Ne5 23. Rxe5 fxe5 24. Rf1+ Ke8 25. Rf7 Rxf7 26. Qxe5+ Re7 27. Qh5+ g6 28. Qd5 Kd8 29. Qxd4 b6 30. Qh8+ Kc7 31. Qf6 Re3 32. Qf4+ Kd8 33. Qxe3 Bb7 34. h4 Rc8 35. Qd3 Bxg2 36. Bb5 Bc6 37. Bc4 d5 38. Bxd5 Bxd5 39. Qxd5+ Kc7 40. Qf7+ Kb8 41. Qxh7 a5 42. Qxg6 Kb7 43. Qf7+ Rc7 44. Qd5+ Ka6 45. Qa8+ Ra7 46. Qc8+ Kb5 47. h5 a4 48. h6 Kb4 49. a3+ Ka5 50. c4 Rf7 51. Qa8+ Ra7 52. Qxa7# 1-0

[Event "Sherbrooke Perpetuelles 46-51"]
[Site "Sherbrooke CAN"]
[Date "2004.05.14"]
[Round "1"]
[White "Jolin, Fernand"]
[Black "Ouellet-Lahaie, Didier"]
[Result "0-1"]
[WhiteElo "1294"]
[BlackElo "1574"]
[PlyCount "92"]
[GameId "2160767911217442"]
[EventDate "2004.??.??"]
[EventType "swiss"]
[EventRounds "6"]
[EventCountry "CAN"]
[SourceTitle "EXT 2006"]
[Source "ChessBase"]
[SourceDate "2005.11.24"]
[SourceVersion "1"]
[SourceVersionDate "2005.11.24"]
[SourceQuality "1"]

1. Nf3 Nf6 2. d4 e6 3. Bg5 d5 4. e3 Be7 5. Bxf6 Bxf6 6. Bb5+ Nd7 7. O-O O-O 8. Bxd7 Bxd7 9. Nbd2 b6 10. b3 c5 11. c3 cxd4 12. cxd4 Rc8 13. Rc1 Qe7 14. Nb1 Bb5 15. Re1 Rc7 16. Rxc7 Qxc7 17. a4 Ba6 18. Qc1 Qd6 19. Qa3 Qd7 20. b4 Be7 21. Rc1 Rc8 22. Rxc8+ Qxc8 23. Nc3 Qc4 24. Nd2 Qd3 25. Ncb1 Qxa3 26. Nxa3 Bxb4 27. Ndb1 Bd3 28. g4 a6 29. Kg2 b5 30. axb5 axb5 31. Kg3 Be7 32. Nxb5 Bxb5 33. Nc3 Bc4 34. Kf4 Bd6+ 35. Kf3 Bxh2 36. e4 dxe4+ 37. Kxe4 f6 38. f4 Kf7 39. Na4 Bd5+ 40. Ke3 g6 41. Nc5 h5 42. gxh5 gxh5 43. Nd3 Bg3 44. Nf2 Bxf2+ 45. Kxf2 Kg6 46. Kg3 Kf5 0-1

[Event "Sherbrooke Perpetuelles 46-51"]
[Site "Sherbrooke CAN"]
[Date "2004.05.14"]
[Round "1"]
[White "Thomsen, Gunther"]
[Black "Belanger, Jean Sebastien"]
[Result "0-1"]
[WhiteElo "1161"]
[BlackElo "1350"]
[PlyCount "40"]
[GameId "2160767911217445"]
[EventDate "2004.??.??"]
[EventType "swiss"]
[EventRounds "6"]
[EventCountry "CAN"]
[SourceTitle "EXT 2006"]
[Source "ChessBase"]
[SourceDate "2005.11.24"]
[SourceVersion "1"]
[SourceVersionDate "2005.11.24"]
[SourceQuality "1"]

1. d4 d5 2. Bf4 Nf6 3. e3 Bf5 4. Ne2 Nc6 5. a3 e6 6. Bg3 g5 7. Nd2 h5 8. h4 g4 9. Nf4 Bd6 10. Bb5 a6 11. Ba4 b5 12. Bb3 Ne7 13. c3 Ng6 14. Nxg6 fxg6 15. Bxd6 Qxd6 16. a4 Ne4 17. Nf1 g3 18. f3 Nf2 19. Ke2 Nxd1 20. axb5 Nf2 0-1

[Event "Sherbrooke Perpetuelles 46-51"]
[Site "Sherbrooke CAN"]
[Date "2004.05.21"]
[Round "2"]
[White "Grenier, Jean-Pierre"]
[Black "Courteau, Bernard"]
[Result "0-1"]
[WhiteElo "1568"]
[BlackElo "1592"]
[PlyCount "78"]
[GameId "2160767911217446"]
[EventDate "2004.??.??"]
[EventType "swiss"]
[EventRounds "6"]
[EventCountry "CAN"]
[SourceTitle "EXT 2006"]
[Source "ChessBase"]
[SourceDate "2005.11.24"]
[SourceVersion "1"]
[SourceVersionDate "2005.11.24"]
[SourceQuality "1"]

1. d4 d5 2. Nf3 Bf5 3. e3 Nf6 4. Nh4 Bd7 5. Bd3 Nc6 6. a3 e5 7. dxe5 Nxe5 8. Bf5 c6 9. Nc3 Be7 10. Qd4 Qc7 11. f4 Nc4 12. Bxd7+ Nxd7 13. Nf5 Bf6 14. Qd1 O-O 15. O-O Bxc3 16. bxc3 Nf6 17. a4 Rfe8 18. Rf3 Qd7 19. Ng3 a5 20. Qd4 b6 21. Nf1 Re4 22. Qd3 Rae8 23. h3 c5 24. Kf2 Nd6 25. Rb1 Qc6 26. Qa6 Nc8 27. Qb5 Qxb5 28. axb5 Rc4 29. Rb3 Ne4+ 30. Ke2 Rxc3 31. Rxc3 Nxc3+ 32. Kd3 Nxb5 33. Bb2 Ncd6 34. Be5 f6 35. Bxd6 Nxd6 36. Nd2 b5 37. c3 a4 38. Rf1 Nf5 39. Rf3 c4+ 0-1

[Event "Sherbrooke Perpetuelles 46-51"]
[Site "Sherbrooke CAN"]
[Date "2004.05.21"]
[Round "2"]
[White "Lemelin, Marc"]
[Black "Saziouk, Alexandre"]
[Result "1/2-1/2"]
[WhiteElo "1616"]
[BlackElo "1779"]
[PlyCount "190"]
[GameId "2160767911217447"]
[EventDate "2004.??.??"]
[EventType "swiss"]
[EventRounds "6"]
[EventCountry "CAN"]
[SourceTitle "EXT 2006"]
[Source "ChessBase"]
[SourceDate "2005.11.24"]
[SourceVersion "1"]
[SourceVersionDate "2005.11.24"]
[SourceQuality "1"]

1. d4 d5 2. c4 e5 3. dxe5 d4 4. Nf3 Nc6 5. g3 Bc5 6. Bg2 Nge7 7. h4 O-O 8. h5 h6 9. a3 a5 10. Bf4 Re8 11. Nbd2 Bf5 12. Nh4 Bg4 13. Ne4 Ba7 14. Bxh6 Nxe5 15. Bxg7 Kxg7 16. h6+ Kh8 17. Nf6 d3 18. Nxg4 Nxg4 19. e3 Nc6 20. Qxg4 Qf6 21. Qg7+ Qxg7 22. hxg7+ Kxg7 23. O-O-O Rad8 24. Bf1 Ne5 25. Kd2 Ng4 26. Bxd3 Nxf2 27. Nf5+ Kg8 28. Ke2 Nxd1 29. Rxd1 Bc5 30. Rf1 Re6 31. e4 Rde8 32. Rf3 Kh7 33. Rf1 Rh8 34. Rf4 Kg8 35. Nh4 Bd6 36. Rf3 Be7 37. Nf5 Bc5 38. Nh4 Be7 39. Nf5 Rh2+ 40. Rf2 Rxf2+ 41. Kxf2 Bc5+ 42. Kf3 Rb6 43. b4 axb4 44. axb4 Rxb4 45. e5 Ra4 46. Ke4 Bf2 47. Kd5 Ra3 48. Ke4 Kf8 49. g4 Ra4 50. Kf3 Ra3 51. Ke4 Bg1 52. Be2 Bh2 53. g5 Ra5 54. Nh4 Rxe5+ 55. Kd3 Rxg5 56. Nf3 Rg3 57. Ke4 Rg2 58. Bd3 Bd6 59. Ne1 Rg5 60. Nf3 f5+ 61. Kd5 Rg3 62. Be2 Ke7 63. c5 c6+ 64. Kd4 Bf4 65. Kc4 Rg2 66. Bd3 Rg3 67. Be2 Kf6 68. Kd4 Bc7 69. Kc4 Rg2 70. Kd3 Bd8 71. Nd4 Be7 72. Kc4 f4 73. Bd3 Ke5 74. Nf3+ Kf6 75. Nd4 Rg3 76. Ne2 Kg5 77. Nxg3 fxg3 78. Bf1 Kf4 79. Bg2 Ke3 80. Kb4 Kf2 81. Bh3 g2 82. Bxg2 Kxg2 83. Kc4 Kf3 84. Kd4 Kf4 85. Kc4 Ke4 86. Kb4 Kd4 87. Ka5 Bxc5 88. Ka4 b5+ 89. Kb3 Kd3 90. Kb2 Kc4 91. Kc2 b4 92. Kb2 Bd4+ 93. Kc2 b3+ 94. Kb1 Kd3 95. Kc1 c5 1/2-1/2

[Event "Sherbrooke Perpetuelles 46-51"]
[Site "Sherbrooke CAN"]
[Date "2004.05.21"]
[Round "2"]
[White "Morin, Louis"]
[Black "Galasso, Janick"]
[Result "1-0"]
[WhiteElo "995"]
[BlackElo "1079"]
[PlyCount "63"]
[GameId "2160767911217448"]
[EventDate "2004.??.??"]
[EventType "swiss"]
[EventRounds "6"]
[EventCountry "CAN"]
[SourceTitle "EXT 2006"]
[Source "ChessBase"]
[SourceDate "2005.11.24"]
[SourceVersion "1"]
[SourceVersionDate "2005.11.24"]
[SourceQuality "1"]

1. e4 e5 2. Nf3 Nc6 3. Bc4 Nf6 4. d3 Bc5 5. Bg5 Ne7 6. h3 d6 7. c3 d5 8. Nxe5 O-O 9. b4 Bb6 10. Bxf6 dxc4 11. Bxg7 Kxg7 12. d4 f6 13. Nxc4 Re8 14. O-O c6 15. Nd6 Qxd6 16. f4 Ng6 17. f5 Nf4 18. Qg4+ Kf7 19. Rxf4 Bxd4+ 20. cxd4 Qxd4+ 21. Kh2 Qxa1 22. Qh5+ Ke7 23. Qxh7+ Kd8 24. Rf1 Qxa2 25. Rd1+ Qd5 26. exd5 Bd7 27. dxc6 Kc7 28. Qxd7+ Kb6 29. Rd5 Rab8 30. Nc3 a6 31. Na4+ Ka7 32. c7 1-0